| 000 | 00848nam a2200193 a 4500 | ||
|---|---|---|---|
| 001 | 000029135 | ||
| 003 | DO-SdBNP | ||
| 005 | 20240229073955.0 | ||
| 008 | 110413s2000 dr a r 000 0 spa d | ||
| 040 |
_aDO-SdBNP _bspa _cBNPHU |
||
| 082 |
_axxx _bV422t |
||
| 100 | 1 |
_aVega, Bernardo, _d1938 - _93222 |
|
| 245 | 1 | 0 |
_aTendencias migratorias hacia los Estados Unidos de dominicanos y otros ciudadanos caribeños : _banálisis de las tendencias de la migración legal e ilegal, la deportación de criminales y el impacto negativo de la legislación migratoria norteamericana de 1996 / _cBernardo Vega, Roberto Desprandel. |
| 260 |
_aSanto Domingo : _bOIM : FLACSO, _c2000. _f Búho |
||
| 300 |
_a41 p. : _bil., ; _c22 cm. |
||
| 700 | 1 |
_aDesprandel, Roberto _956043 |
|
| 710 | 2 |
_aOrganización Internacional para las Migraciones _92058 |
|
| 942 |
_2ddc _cLBS1 |
||
| 999 |
_c28627 _d28627 |
||